00476nam a2200121Ia 4500008004100000020002200041100002100063245011600084260004900200300002700249650002800276650005000304200910s9999 xx 000 0 und d a978-074-94-9318-9 aScarlett, Hilary cHilary ScarlettaNeuroscience for organizational change:ban evidence-based practical guide to managing change/ aQuezon City:bC and E Publishing, Inc.c2019 axii, 270 pagesc23 cm. aOrganizational behavior aOrganizational change -- Psychological aspect